WILSON AND GISVOID'S TEXT BOOK OF ORGANIC MEDICINAL AND PHARMACEUTICAL CHEMISTRY (Record no. 8140)

MARC details
000 -LEADER
fixed length control field 00496nam a22001697a 4500
005 - DATE AND TIME OF LATEST TRANSACTION
control field 20221220101944.0
008 - FIXED-LENGTH DATA ELEMENTS--GENERAL INFORMATION
fixed length control field 221220b |||||||| |||| 00| 0 eng d
020 ## - INTERNATIONAL STANDARD BOOK NUMBER
ISBN 978-818473-3969
041 ## - LANGUAGE CODE
Language code of text/sound track or separate title eng
082 ## - DEWEY DECIMAL CLASSIFICATION NUMBER
Classification number 615.19-BEA -W
100 ## - MAIN ENTRY--AUTHOR NAME
Personal name BEAIE , Jr. JHON M AND BLOCK JHON H.
245 ## - TITLE STATEMENT
Title WILSON AND GISVOID'S TEXT BOOK OF ORGANIC MEDICINAL AND PHARMACEUTICAL CHEMISTRY
250 ## - EDITION STATEMENT
Edition statement 11th ed.
260 ## - PUBLICATION, DISTRIBUTION, ETC. (IMPRINT)
Place of publication NEW DELHI
Name of publisher WOLTERS KLUWER
Year of publication 2004
300 ## - PHYSICAL DESCRIPTION
Number of Pages 1010 ;P.
942 ## - ADDED ENTRY ELEMENTS (KOHA)
Koha item type Books

No items available.